00826nam a2200265 4500003000400000005001700004008004100021020001500062040001800077041000800095050002000103100002700123245004700150264002800197300003500225336002200260337002400282338002400306500008000330650004200410650004000452700003700492942001400529999001700543OSt20260601193526.0260505b2002 nyua|||| |||| 00| 0 eng d a0060081430 aICIbspacICI aeng aNC997bC73 2002 1aDavid E. Carter935790 0aCreativity 31 /cedited by David E. Carter aNew York : bHBI,c2002 a400 páginas :bilustraciones atexto2rdacontent asin medio2rdamedia avolumen2rdacarrier a"Bright ideas in advertising and design from 31 Countries around the world" aArte comercialzEstados Unidos935791 aArte comercialvExposiciones935792 1aCarter, David E.,eeditor935793 2lcccBn1 c21191d21191